| 000 | 01178cad a22002295a 4500 | ||
|---|---|---|---|
| 001 | L156933 | ||
| 008 | 120731s2012 xxk f 000 0 eng d | ||
| 035 | _a(Sirsi) u156933 | ||
| 041 | 0 | _aeng | |
| 110 | 2 |
_aFederation of Master Builders _9465 |
|
| 245 | 0 | 0 |
_aFMB launches Green Deal Certification Service _h[electronic resource] |
| 260 |
_aLondon _bFMB _c2012 |
||
| 490 | 0 |
_aFederation of Master Builders Press Release _v23 July 2012 |
|
| 520 | _aFederation of Master Builders is launching a registration and certification service to companies committed to delivering the highest standards of customer service and workmanship in the building industry. These services are offered through a new agreement with NAPIT Group Limited, a UKAS accredited certification body for Green Deal, microgeneration and Competent Person Schemes. | ||
| 590 | _aKA | ||
| 651 | 4 | _aUnited Kingdom | |
| 690 |
_aSustainability _96271 |
||
| 690 |
_aConstruction management _96230 |
||
| 690 |
_aEnvironment _96238 |
||
| 856 | 4 | 0 |
_uhttps://www.fmb.org.uk/news/press-releases/2012/july/fmb-launches-green-deal-certification-service230712/ _zView the item free of charge at www.fmb.org.uk |
| 942 | _n0 | ||
| 999 |
_c114500 _d114500 |
||